00360nam a2200145Ia 4500008004100000020001500041041000800056082001800064100001600082245005800098250000600156260003100162300001200193650000900205210716s1999 xx 000 0 und d a8176351792 aeng a005.3622 PYRT aPyron, Tim. aSams teach yourself microsoft project 98 in 24 hours. a1 aNew DelhibTechmediac1999 axiv,443 aNone